|
|
|
|
| LEADER |
00000nam a2200000 a 4500 |
| 001 |
1/127333 |
| 008 |
230925s2003####gr | ||| |||| ||gre|| |
| 020 |
|
|
|a 9608612527
|
| 040 |
|
|
|a GR-MyUa
|b gre
|c GR-MyUa
|e AACR2
|
| 041 |
0 |
|
|a gre
|
| 082 |
7 |
|
|a 016.093912
|2 (23)
|
| 100 |
1 |
|
|a Μίσσιος, Κώστας Γ.,
|d 1938-2023.
|
| 245 |
1 |
0 |
|a Μεταγλωττισμένα έργα των εκ Λέσβου λογίων, λογοτεχνών από το 1495 έως το 1999
|h [ανάτυπο] /
|c Κώστα Γ. Μίσσιου.
|
| 260 |
|
|
|a Μυτιλήνη :
|b [χ.ε.],
|c 2003.
|
| 300 |
|
|
|a 40 σ. ;
|c 25 εκ.
|
| 500 |
|
|
|a Ανάτυπο από το ''Λεσβιακό Ημερολόγιο 2003''.
|
| 504 |
|
|
|a Περιέχει ευρετήριο.
|
| 650 |
|
0 |
|a Greek literature, Modern
|x Bibliography.
|
| 650 |
|
0 |
|a Authors, Greek
|z Greece
|z Lesbos (Municipality)
|x Bibliography.
|
| 852 |
|
|
|a INST
|b LESVOS
|e 20230925
|h 016.093912 ΜΙΣ
|p 005100064999
|q 005100064999
|t ANA
|y 0
|
| 970 |
|
|
|a Δημάκη
|b Μαρία
|z 25-09-2023
|